| 000 | 00000nas 2200000za 4500 |
| 001 | 9.813987 |
| 003 | CaOODSP |
| 005 | 20250403105725 |
| 007 | cr ||||||||||| |
| 008 | 160330d19811996onc x p oss f000#b0fre|d |
| 022 | |y0715-271X |
| 040 | |aCaOODSP|bfre |
| 041 | |aeng|afre |
| 043 | |an-cn--- |
| 086 | 1 |aCS85-002-PDF |
| 245 | 00|aJuristat |h[ressource électronique] / |cStatistics Canada, Canadian Centre for Justice Statistics = Statistique Canada, Centre canadien de la statistique juridique. |
| 260 | |a[Ottawa] : |bStatistique Canada, Centre canadien de la statistique juridique = Statistique Canada, Centre canadien de la statistique juridique.|c1981-1996. |
| 310 | |aIrrégulier |
| 362 | 0 |aVol. 1, no. 1 (oct. 1981)-vol. 19, no. 9 (1996). |
| 500 | |aÉdition numérisée de l’imprimé [par Statistique Canada]. |
| 515 | |aNumérotation irrégulière. |
| 546 | |aTexte en anglais et en français, oct. 1981-v. 19, no. 9 (1996). |
| 692 | 07|2gccst|aSystème judiciaire |
| 692 | 07|2gccst|aJustice pénale |
| 710 | 2 |aCentre canadien de la statistique juridique. |
| 710 | 2 |aStatistique Canada. |
| 785 | 00|tJuristat |w(CaOODSP)9.501148 |
| 791 | |tJuristat |eeng|w(CaOODSP)9.813984 |